书目信息 |
| 题名: |
感测技术与系统设计
|
|
| 作者: | 孙传友 编著 | |
| 分册: | ||
| 出版信息: | 北京 科学出版社 2004 |
|
| 页数: | 758页 | |
| 开本: | 20cm | |
| 丛书名: | ||
| 单 册: | ||
| 中图分类: | TH89 | |
| 科图分类: | ||
| 主题词: | 仪器 , 其他 | |
| 电子资源: | ||
| ISBN: | 7-03-012842-7 | |
| 000 | 00550nam0 2200193 450 | |
| 001 | 0735592734 | |
| 005 | 20070906095312.73 | |
| 010 | @a7-03-012842-7@d¥58.00 | |
| 100 | @a20070906d km y0chiy0120 ea | |
| 101 | 0 | @achi |
| 200 | 1 | @a感测技术与系统设计@Agan ce ji shu yu xi tong she ji@f孙传友等编著@Fsun chuan you deng bian zhu |
| 210 | @a北京@c科学出版社@d2004 | |
| 215 | @a758页@d20cm | |
| 606 | 0 | @a仪器 |
| 606 | 0 | @a其他 |
| 690 | @aTH89@v3 | |
| 701 | 0 | @a孙传友@Asun chuan you@4编著 |
| 801 | 0 | @aCN@bPFT@c20070906 |
| 905 | @a213230@dTH89@ep10@f1 | |
| 感测技术与系统设计/孙传友等编著.-北京:科学出版社,2004 |
| 758页;20cm |
| ISBN 7-03-012842-7:¥58.00 |
| ● |
| 相关链接 |
|
|
|
|
正题名:感测技术与系统设计
索取号:TH89/p10
 
预约/预借
| 序号 | 登录号 | 条形码 | 馆藏地/架位号 | 状态 | 备注 |
| 1 | 7202346 | 272023455 | 密集书库-物理学院/ [索取号:TH89/p10] | 在馆 | |
| 2 | 7202347 | 272023464 | 密集书库-物理学院/ [索取号:TH89/p10] | 在馆 | |
| 3 | 7202348 | 272023473 | 密集书库-物理学院/ [索取号:TH89/p10] | 在馆 | |
| 4 | 7202349 | 272023482 | 密集书库-物理学院/ [索取号:TH89/p10] | 在馆 | |
| 5 | 7202350 | 272023491 | 密集书库-物理学院/ [索取号:TH89/p10] | 在馆 |